Представление документа в формате MARC21

ПолеНазваниеЗначение
  Тип записи a
  Библиографический уровень m
001 Контрольный номер RU/URAIT/583802
005 Дата корректировки 20260429163713.0
008 Кодируемые данные 260429s2026 RU y f j 000 0 rus u
020 Индекс ISBN __
a ISBN 978-5-534-13919-8
c Цена, тираж 1989.00
040 Источник каталогиз. __
a Служба первич. каталог. ИКО Юрайт
c Служба, преобразующая запись ИКО Юрайт
e Правила каталог. RCR
041 Код языка издания __
a Код языка текста rus
044 Код страны публикации __
a Код страны публикации RU
080 Индекс УДК __
a Индекс УДК 811.112.2(075.8)
084 Индекс другой классификации/Индекс ББК __
2 Источник индекса rubbk
a Индекс другой классификации/Индекс ББК 81.2Нем-923
100 Автор __
a Автор Винтайкина Р. В.
q Полное имя Винтайкина Роза Вольфовна
245 Заглавие __
a Заглавие Немецкий язык (B1)
b Продолж. заглавия учебник для вузов
c Ответственность Р. В. Винтайкина, Н. Н. Новикова, Н. Н. Саклакова.
250 Сведения об издании __
g испр. и доп
a Основные сведения об издании 3-е изд.
256 Характеристики компьютерного файла __
a Характеристики компьютерного файла Электрон. дан.
260 Выходные данные __
a Место издания Москва
b Издательство Юрайт
c Дата издания 2026
300 Физическое описание __
a Объем 379 с
440 Серия __
a Серия Высшее образование
500 Примечания __
a Примечание URL: https://urait.ru/bcode/583802 (дата обращения: 29.04.2026).
520 Аннотация __
a Аннотация Курс предназначен для студентов, уже владеющих немецким языком на уровнях А1, А2. Последовательное прохождение материала позволяет в конечном результате вывести пользователей первой части данного пособия на уровень В1. В курсе реализуются задачи развития речевых умений говорения, аудирования, чтения и письма. Соответствует актуальным требованиям Федерального государственного образовательного стандарта высшего образования. Для студентов высших учебных заведений, обучающихся по всем направлениям, а также всех желающих усовершенствовать свои знания немецкого языка.
538 Прим. о системных особенностях __
a Прим. о системных особенностях Режим доступа: Электронно-библиотечная система Юрайт, для авториз. пользователей
653 Ключевые слова __
a Ключевые слова Немецкий язык
653 Ключевые слова __
a Ключевые слова Языки и литература
653 Ключевые слова __
a Ключевые слова Иностранный язык
653 Ключевые слова __
a Ключевые слова Деловой иностранный язык
653 Ключевые слова __
a Ключевые слова Иностранный язык (второй)
653 Ключевые слова __
a Ключевые слова Немецкий язык
653 Ключевые слова __
a Ключевые слова Иностранный язык в профессиональной деятельности
653 Ключевые слова __
a Ключевые слова Немецкий язык в сфере профессиональной коммуникации
653 Ключевые слова __
a Ключевые слова Современный учебник немецкого языка
653 Ключевые слова __
a Ключевые слова Практический курс немецкого языка
653 Ключевые слова __
a Ключевые слова Немецкий язык (B1)
653 Ключевые слова __
a Ключевые слова Иностранный язык в профессиональной деятельности (немецкий)
653 Ключевые слова __
a Ключевые слова Немецкий язык в профессиональной деятельности
653 Ключевые слова __
a Ключевые слова Немецкий язык в профессиональной сфере
653 Ключевые слова __
a Ключевые слова Профессиональный немецкий язык
653 Ключевые слова __
a Ключевые слова Профильный иностранный язык
653 Ключевые слова __
a Ключевые слова Второй иностранный язык
653 Ключевые слова __
a Ключевые слова Иностранный деловой язык
653 Ключевые слова __
a Ключевые слова Профилированный иностранный язык
653 Ключевые слова __
a Ключевые слова Профессиональный иностранный язык
653 Ключевые слова __
a Ключевые слова Иностранный язык профессиональной коммуникации
653 Ключевые слова __
a Ключевые слова Иностранный язык в профессиональной сфере
653 Ключевые слова __
a Ключевые слова Иностранный язык в сфере профессиональной коммуникации
653 Ключевые слова __
a Ключевые слова Иностранный язык профессиональный
653 Ключевые слова __
a Ключевые слова Первый иностранный язык
653 Ключевые слова __
a Ключевые слова Иностранный язык в профессиональной сфере деятельности
653 Ключевые слова __
a Ключевые слова Иностранный язык в сфере профессиональных коммуникаций
653 Ключевые слова __
a Ключевые слова Иностранный язык в деловых коммуникациях
653 Ключевые слова __
a Ключевые слова Иностранный язык профессионального общения
653 Ключевые слова __
a Ключевые слова Второй профессиональный иностранный язык
653 Ключевые слова __
a Ключевые слова Иностранный язык делового общения
653 Ключевые слова __
a Ключевые слова Иностранный язык делового и профессионального общения
653 Ключевые слова __
a Ключевые слова Иностранный язык в сфере профессиональной деятельности
653 Ключевые слова __
a Ключевые слова Иностранный язык в специальности
653 Ключевые слова __
a Ключевые слова Иностранный язык первый
653 Ключевые слова __
a Ключевые слова Третий иностранный язык
653 Ключевые слова __
a Ключевые слова Теоретический курс немецкого языка
653 Ключевые слова __
a Ключевые слова Иностранный язык научного изложения
653 Ключевые слова __
a Ключевые слова Иностранный язык в сфере научных исследований
653 Ключевые слова __
a Ключевые слова Иностранные языки. Общие вопросы
653 Ключевые слова __
a Ключевые слова Иностранный язык для профессиональной деятельности
653 Ключевые слова __
a Ключевые слова Иностранный язык для профессионального общения
653 Ключевые слова __
a Ключевые слова Иностранный язык для профессиональных целей
653 Ключевые слова __
a Ключевые слова Иностранный язык (немецкий)
653 Ключевые слова __
a Ключевые слова Иностранный язык в коммуникации
653 Ключевые слова __
a Ключевые слова Иностранный язык в профессиональной коммуникации
653 Ключевые слова __
a Ключевые слова Первый иностранный язык в коммуникации
653 Ключевые слова __
a Ключевые слова Деловой второй иностранный язык
653 Ключевые слова __
a Ключевые слова Иностранный язык в профессиональной области
653 Ключевые слова __
a Ключевые слова Иностранный язык в деловом и профессиональном общении
653 Ключевые слова __
a Ключевые слова Иностранный язык профессионального делового общения
653 Ключевые слова __
a Ключевые слова Иностранный язык для делового общения
653 Ключевые слова __
a Ключевые слова Иностранный язык для научно-исследовательской работы
653 Ключевые слова __
a Ключевые слова Деловая коммуникация на иностранных языках
653 Ключевые слова __
a Ключевые слова Иностранный язык в учебной и образовательной деятельности
653 Ключевые слова __
a Ключевые слова Деловая коммуникация на иностранном языке
653 Ключевые слова __
a Ключевые слова Иностранный язык для академических целей
653 Ключевые слова __
a Ключевые слова Иностранный язык повседневного общения
653 Ключевые слова __
a Ключевые слова Иностранный язык в деловой коммуникации
653 Ключевые слова __
a Ключевые слова Иностранный язык в научной и профессиональной деятельности
653 Ключевые слова __
a Ключевые слова Иностранный язык профессионального и делового общения
653 Ключевые слова __
a Ключевые слова Первый иностранный язык в сфере профессиональных коммуникаций
653 Ключевые слова __
a Ключевые слова Иностранный язык по выбору
653 Ключевые слова __
a Ключевые слова Иностранный язык для профессиональной коммуникации
653 Ключевые слова __
a Ключевые слова Немецкий язык в профессиональной коммуникации
653 Ключевые слова __
a Ключевые слова Профессиональная коммуникация на немецком языке
653 Ключевые слова __
a Ключевые слова Немецкий язык для академических и научных целей
653 Ключевые слова __
a Ключевые слова Вводный курс второго иностранного языка (немецкий)
653 Ключевые слова __
a Ключевые слова Иностранный язык в профессиональной сфере (немецкий)
653 Ключевые слова __
a Ключевые слова Начальный уровень второго иностранного языка (немецкий)
653 Ключевые слова __
a Ключевые слова Повышенный уровень второго иностранного языка (немецкий)
653 Ключевые слова __
a Ключевые слова Практический курс второго иностранного языка (немецкий)
653 Ключевые слова __
a Ключевые слова Практический курс третьего иностранного языка (немецкий)
653 Ключевые слова __
a Ключевые слова Продвинутый уровень второго иностранного языка (немецкий)
653 Ключевые слова __
a Ключевые слова Средний уровень второго иностранного языка (немецкий)
653 Ключевые слова __
a Ключевые слова Профессиональный иностранный язык (второй)
653 Ключевые слова __
a Ключевые слова Второй иностранный язык (немецкий)
653 Ключевые слова __
a Ключевые слова Иностранный язык для научного и профессионального общения
653 Ключевые слова __
a Ключевые слова Иностранный язык для научного профессионального общения (немецкий)
653 Ключевые слова __
a Ключевые слова Профессиональный научный иностранный язык
653 Ключевые слова __
a Ключевые слова Языковая коммуникация в профессиональной сфере (немецкий)
653 Ключевые слова __
a Ключевые слова Языковые коммуникации в профессиональной сфере (немецкий)
653 Ключевые слова __
a Ключевые слова Иностранный язык (немецкий язык)
653 Ключевые слова __
a Ключевые слова Иностранный язык (деловой иностранный язык)
653 Ключевые слова __
a Ключевые слова Практический курс современного немецкого языка
653 Ключевые слова __
a Ключевые слова Академический курс немецкого языка
653 Ключевые слова __
a Ключевые слова Базовый курс немецкого языка
653 Ключевые слова __
a Ключевые слова Второй иностранный (немецкий) язык
653 Ключевые слова __
a Ключевые слова Германские языки (немецкий)
653 Ключевые слова __
a Ключевые слова Иностранный язык (профильный)
653 Ключевые слова __
a Ключевые слова Иностранный язык третий
653 Ключевые слова __
a Ключевые слова Иностранный (немецкий) язык
653 Ключевые слова __
a Ключевые слова Иностранный язык (немецкий) в профессиональной сфере
653 Ключевые слова __
a Ключевые слова Иностранный язык в профессиональной сфере (немецкий язык)
653 Ключевые слова __
a Ключевые слова Иностранный язык делового и профессионального общения (немецкий)
653 Ключевые слова __
a Ключевые слова Иностранный язык (немецкий, профессиональный)
653 Ключевые слова __
a Ключевые слова Второй иностранный язык по выбору
653 Ключевые слова __
a Ключевые слова Иностранный язык. Профессиональные коммуникации
653 Ключевые слова __
a Ключевые слова Профессиональные коммуникации (иностранный язык)
653 Ключевые слова __
a Ключевые слова Современный немецкий язык
653 Ключевые слова __
a Ключевые слова Иностранный язык (немецкий) в профессиональной деятельности
653 Ключевые слова __
a Ключевые слова Иностранный язык (немецкий) в сфере профессиональной деятельности
653 Ключевые слова __
a Ключевые слова Иностранный язык в сфере профессиональной деятельности (немецкий)
653 Ключевые слова __
a Ключевые слова Второй иностранный язык в профессиональной деятельности
653 Ключевые слова __
a Ключевые слова Второй иностранный язык (немецкий). Уровень B1+
653 Ключевые слова __
a Ключевые слова Практический курс иностранного языка (немецкий)
653 Ключевые слова __
a Ключевые слова Иностранный профессиональный язык
653 Ключевые слова __
a Ключевые слова Практический курс первого иностранного языка (немецкий язык)
653 Ключевые слова __
a Ключевые слова Иностранный язык (профессиональный, немецкий)
653 Ключевые слова __
a Ключевые слова Второй иностранный язык в сфере (немецкий)
653 Ключевые слова __
a Ключевые слова Иностранный язык (второй) немецкий
653 Ключевые слова __
a Ключевые слова Профессиональный иностранный язык (немецкий)
653 Ключевые слова __
a Ключевые слова Иностранный язык в сфере профессиональной коммуникации (Немецкий)
653 Ключевые слова __
a Ключевые слова Разговорный иностранный язык (немецкий)
653 Ключевые слова __
a Ключевые слова Теоретические основы немецкого языка
653 Ключевые слова __
a Ключевые слова Иностранный язык немецкий
653 Ключевые слова __
a Ключевые слова Теоретический и практический курс немецкого языка
700 Другие авторы __
a Другие авторы Новикова Н. Н.
q Полное имя Новикова Нина Николаевна
700 Другие авторы __
a Другие авторы Саклакова Н. Н.
q Полное имя Саклакова Наталья Николаевна
856 Электронный адрес документа 40
n Местонахождение сервера Юрайт
g Электронная книга
q Тип электронного формата html
h Имя пользователя ЮРАЙТ
v Часы доступа к ресурсу 20271231
2 Способ доступа Показать документ
x Служебное примечание https://urait.ru/book/cover/F883E7A1-9232-4055-BCE2-A7A1B4BFBB20
u URL https://urait.ru/bcode/583802
856 Электронный адрес документа 48
q Тип электронного формата cover
u URL https://urait.ru/book/cover/F883E7A1-9232-4055-BCE2-A7A1B4BFBB20
911 __
u 0030=https://urait.ru/bcode/583802
911 __
u 073a=9785534139198
u 073d=1989.00
911 __
u 106a=s
911 __
u 900l=
952 Тип литературы __
i Дисциплина Иностранный язык
952 Тип литературы __
i Дисциплина Деловой иностранный язык
952 Тип литературы __
i Дисциплина Иностранный язык (второй)
952 Тип литературы __
i Дисциплина Немецкий язык
952 Тип литературы __
i Дисциплина Иностранный язык в профессиональной деятельности
952 Тип литературы __
i Дисциплина Немецкий язык в сфере профессиональной коммуникации
952 Тип литературы __
i Дисциплина Современный учебник немецкого языка
952 Тип литературы __
i Дисциплина Практический курс немецкого языка
952 Тип литературы __
i Дисциплина Немецкий язык (B1)
952 Тип литературы __
i Дисциплина Иностранный язык в профессиональной деятельности (немецкий)
952 Тип литературы __
i Дисциплина Немецкий язык в профессиональной деятельности
952 Тип литературы __
i Дисциплина Немецкий язык в профессиональной сфере
952 Тип литературы __
i Дисциплина Профессиональный немецкий язык
952 Тип литературы __
i Дисциплина Профильный иностранный язык
952 Тип литературы __
i Дисциплина Второй иностранный язык
952 Тип литературы __
i Дисциплина Иностранный деловой язык
952 Тип литературы __
i Дисциплина Профилированный иностранный язык
952 Тип литературы __
i Дисциплина Профессиональный иностранный язык
952 Тип литературы __
i Дисциплина Иностранный язык профессиональной коммуникации
952 Тип литературы __
i Дисциплина Иностранный язык в профессиональной сфере
952 Тип литературы __
i Дисциплина Иностранный язык в сфере профессиональной коммуникации
952 Тип литературы __
i Дисциплина Иностранный язык профессиональный
952 Тип литературы __
i Дисциплина Первый иностранный язык
952 Тип литературы __
i Дисциплина Иностранный язык в профессиональной сфере деятельности
952 Тип литературы __
i Дисциплина Иностранный язык в сфере профессиональных коммуникаций
952 Тип литературы __
i Дисциплина Иностранный язык в деловых коммуникациях
952 Тип литературы __
i Дисциплина Иностранный язык профессионального общения
952 Тип литературы __
i Дисциплина Второй профессиональный иностранный язык
952 Тип литературы __
i Дисциплина Иностранный язык делового общения
952 Тип литературы __
i Дисциплина Иностранный язык делового и профессионального общения
952 Тип литературы __
i Дисциплина Иностранный язык в сфере профессиональной деятельности
952 Тип литературы __
i Дисциплина Иностранный язык в специальности
952 Тип литературы __
i Дисциплина Иностранный язык первый
952 Тип литературы __
i Дисциплина Третий иностранный язык
952 Тип литературы __
i Дисциплина Теоретический курс немецкого языка
952 Тип литературы __
i Дисциплина Иностранный язык научного изложения
952 Тип литературы __
i Дисциплина Иностранный язык в сфере научных исследований
952 Тип литературы __
i Дисциплина Иностранные языки. Общие вопросы
952 Тип литературы __
i Дисциплина Иностранный язык для профессиональной деятельности
952 Тип литературы __
i Дисциплина Иностранный язык для профессионального общения
952 Тип литературы __
i Дисциплина Иностранный язык для профессиональных целей
952 Тип литературы __
i Дисциплина Иностранный язык (немецкий)
952 Тип литературы __
i Дисциплина Иностранный язык в коммуникации
952 Тип литературы __
i Дисциплина Иностранный язык в профессиональной коммуникации
952 Тип литературы __
i Дисциплина Первый иностранный язык в коммуникации
952 Тип литературы __
i Дисциплина Деловой второй иностранный язык
952 Тип литературы __
i Дисциплина Иностранный язык в профессиональной области
952 Тип литературы __
i Дисциплина Иностранный язык в деловом и профессиональном общении
952 Тип литературы __
i Дисциплина Иностранный язык профессионального делового общения
952 Тип литературы __
i Дисциплина Иностранный язык для делового общения
952 Тип литературы __
i Дисциплина Иностранный язык для научно-исследовательской работы
952 Тип литературы __
i Дисциплина Деловая коммуникация на иностранных языках
952 Тип литературы __
i Дисциплина Иностранный язык в учебной и образовательной деятельности
952 Тип литературы __
i Дисциплина Деловая коммуникация на иностранном языке
952 Тип литературы __
i Дисциплина Иностранный язык для академических целей
952 Тип литературы __
i Дисциплина Иностранный язык повседневного общения
952 Тип литературы __
i Дисциплина Иностранный язык в деловой коммуникации
952 Тип литературы __
i Дисциплина Иностранный язык в научной и профессиональной деятельности
952 Тип литературы __
i Дисциплина Иностранный язык профессионального и делового общения
952 Тип литературы __
i Дисциплина Первый иностранный язык в сфере профессиональных коммуникаций
952 Тип литературы __
i Дисциплина Иностранный язык по выбору
952 Тип литературы __
i Дисциплина Иностранный язык для профессиональной коммуникации
952 Тип литературы __
i Дисциплина Немецкий язык в профессиональной коммуникации
952 Тип литературы __
i Дисциплина Профессиональная коммуникация на немецком языке
952 Тип литературы __
i Дисциплина Немецкий язык для академических и научных целей
952 Тип литературы __
i Дисциплина Вводный курс второго иностранного языка (немецкий)
952 Тип литературы __
i Дисциплина Иностранный язык в профессиональной сфере (немецкий)
952 Тип литературы __
i Дисциплина Начальный уровень второго иностранного языка (немецкий)
952 Тип литературы __
i Дисциплина Повышенный уровень второго иностранного языка (немецкий)
952 Тип литературы __
i Дисциплина Практический курс второго иностранного языка (немецкий)
952 Тип литературы __
i Дисциплина Практический курс третьего иностранного языка (немецкий)
952 Тип литературы __
i Дисциплина Продвинутый уровень второго иностранного языка (немецкий)
952 Тип литературы __
i Дисциплина Средний уровень второго иностранного языка (немецкий)
952 Тип литературы __
i Дисциплина Профессиональный иностранный язык (второй)
952 Тип литературы __
i Дисциплина Второй иностранный язык (немецкий)
952 Тип литературы __
i Дисциплина Иностранный язык для научного и профессионального общения
952 Тип литературы __
i Дисциплина Иностранный язык для научного профессионального общения (немецкий)
952 Тип литературы __
i Дисциплина Профессиональный научный иностранный язык
952 Тип литературы __
i Дисциплина Языковая коммуникация в профессиональной сфере (немецкий)
952 Тип литературы __
i Дисциплина Языковые коммуникации в профессиональной сфере (немецкий)
952 Тип литературы __
i Дисциплина Иностранный язык (немецкий язык)
952 Тип литературы __
i Дисциплина Иностранный язык (деловой иностранный язык)
952 Тип литературы __
i Дисциплина Практический курс современного немецкого языка
952 Тип литературы __
i Дисциплина Академический курс немецкого языка
952 Тип литературы __
i Дисциплина Базовый курс немецкого языка
952 Тип литературы __
i Дисциплина Второй иностранный (немецкий) язык
952 Тип литературы __
i Дисциплина Германские языки (немецкий)
952 Тип литературы __
i Дисциплина Иностранный язык (профильный)
952 Тип литературы __
i Дисциплина Иностранный язык третий
952 Тип литературы __
i Дисциплина Иностранный (немецкий) язык
952 Тип литературы __
i Дисциплина Иностранный язык (немецкий) в профессиональной сфере
952 Тип литературы __
i Дисциплина Иностранный язык в профессиональной сфере (немецкий язык)
952 Тип литературы __
i Дисциплина Иностранный язык делового и профессионального общения (немецкий)
952 Тип литературы __
i Дисциплина Иностранный язык (немецкий, профессиональный)
952 Тип литературы __
i Дисциплина Второй иностранный язык по выбору
952 Тип литературы __
i Дисциплина Иностранный язык. Профессиональные коммуникации
952 Тип литературы __
i Дисциплина Профессиональные коммуникации (иностранный язык)
952 Тип литературы __
i Дисциплина Современный немецкий язык
952 Тип литературы __
i Дисциплина Иностранный язык (немецкий) в профессиональной деятельности
952 Тип литературы __
i Дисциплина Иностранный язык (немецкий) в сфере профессиональной деятельности
952 Тип литературы __
i Дисциплина Иностранный язык в сфере профессиональной деятельности (немецкий)
952 Тип литературы __
i Дисциплина Второй иностранный язык в профессиональной деятельности
952 Тип литературы __
i Дисциплина Второй иностранный язык (немецкий). Уровень B1+
952 Тип литературы __
i Дисциплина Практический курс иностранного языка (немецкий)
952 Тип литературы __
i Дисциплина Иностранный профессиональный язык
952 Тип литературы __
i Дисциплина Практический курс первого иностранного языка (немецкий язык)
952 Тип литературы __
i Дисциплина Иностранный язык (профессиональный, немецкий)
952 Тип литературы __
i Дисциплина Второй иностранный язык в сфере (немецкий)
952 Тип литературы __
i Дисциплина Иностранный язык (второй) немецкий
952 Тип литературы __
i Дисциплина Профессиональный иностранный язык (немецкий)
952 Тип литературы __
i Дисциплина Иностранный язык в сфере профессиональной коммуникации (Немецкий)
952 Тип литературы __
i Дисциплина Разговорный иностранный язык (немецкий)
952 Тип литературы __
i Дисциплина Теоретические основы немецкого языка
952 Тип литературы __
i Дисциплина Иностранный язык немецкий
952 Тип литературы __
i Дисциплина Теоретический и практический курс немецкого языка